NHL Quiz 2022-23 - Statistics

General Stats
  • This quiz has been taken 1,973 times
  • The average score is 10 of 15
Answer Stats
Question Answer % Correct
Which one of these is not one of the Hughes brothers? Andrew
93%
Which player holds the all time record for goals out of all players that are active in the NHL as of the 2023 season? Alex Ovechkin
88%
Which one of these players is not one of the Stall brothers? Jake
88%
Who was the goalie for the Carolina Hurricanes that was a zamboni driver for the Toronto Maple Leaves? David Ayers
86%
Which NHL player is known for his love for hotdogs? Phil Kessel
84%
Which one of the following players IS NOT a first overall pick? Leon Draisaitl
79%
Which team has won the most stanley cups and how many? Montreal Canadiens- 24
70%
Which team holds the current win record? Bruins
60%
Which of these following players were undrafted? Artemi Panarin
59%
Which 2 goalies in the NHL scored a goal last? (As of the end of the 2023 season) Linus Ullmark and Pekka Rinne
59%
Which one of the following players IS NOT a first ROUND pick? Adam Fox
55%
Which NHL here has won a cup Calgary Flames
52%
Which player is over 6ft tall? Mika Zibanejad
49%
Which player never had a shorthanded goal in the regular season? Patrick Kane
46%
How many times has the president's trophy won the stanley cup? 0
15%
No matching quizzes found
Score Distribution
Percent of People with Each Score
Percentile by Number Answered
Your Score History
You have not taken this quiz